00210nam a2200073Ia 450000500170000000800410001708200230005824500550008120251222114412.0251222s1900||||xx |||||||||||||| ||spa|| aDVD0050/S78/3/Ej.3 0aStar wars: episodio III - la venganza de los Sith: